| 000 | 01103nam0a22003011 4500 | ||
|---|---|---|---|
| 001 | rc\2624584 | ||
| 005 | 20260409070242.0 | ||
| 035 | _a(NLR Aleph) 007240350 | ||
| 090 |
_a7754762 _c7754762 |
||
| 100 | _a20120311d1975 |||y0rusy50 ca | ||
| 101 | 0 | _arus | |
| 102 | _aRU | ||
| 105 | _ay z ||||| | ||
| 200 | 1 | _aВеликая победа. (1941-1945 гг.) | |
| 210 |
_aМосква _cВоениздат _d1975 |
||
| 215 |
_a96 с. _d20 |
||
| 300 | _aПеред загл. авт.: ген.-полк. Г.В. Средин | ||
| 606 | 1 |
_aВеликая Отечественная война _xВсемирно-историческое значение _z1941 - 1945 _91225402 _3RU\NLR\AUTH\66180913 |
|
| 606 |
_aВеликая Отечественная война _z1941 - 1945 _xГодовщины _3RU\NLR\AUTH\66187542 _91237240 |
||
| 686 | 1 | _aТ3(0)620 | |
| 686 | 1 | _aЦ35(2)722,021.2 | |
| 700 | 1 |
_aСредин _bГ.В. _gГеннадий Васильевич |
|
| 801 | 0 |
_aRU _bNLR _gpsbo |
|
| 801 | 1 |
_aRU _bELAR _2rusmarc |
|
| 852 |
_aNLR _j74-4/37667 |
||
| 942 | _cBOOK | ||
| 980 | _aNB | ||